00763 a2200205 4500001000700000003000400007005001700011008004100028082001600069100002300085245004100108260002900149300001000178500001200188690003500200942001200235999001300247952015600260952014100416065935OSt20251210121801.0  a512.5bC94L1 aCurtis, Charles W.1 aLinear algebracBy Charles W. Curtis aNew YorkbSpringerc2009 a347p. aEnglish aAlgebras, Linear; Mathematics; 2ddccBK c174d174 00102ddc40708TXBaCURAJbCURAJcMTHd2012-03-07eMTHfBook Fairg295.00i598/03-02-2010l1o512.5 C94Lp221r2024-11-21s2022-04-27w2020-09-02yBK 00102ddc40708TXBaCURAJbCURAJcMTHd2012-03-07eMTHfBook Fairg295.00i598/03-02-2010o512.5 C94Lp222r2024-11-21w2020-09-02yBK